Recuperar la creación : por una religión humanizadora /
Contra la idea que muchas veces difunde la Iglesia Católica, de un Dios vengativo que castiga los pecados del hombre, esta obra habla de un Dios amoroso que perdona de forma incondicional.
Guardado en:
| Autor principal: | |
|---|---|
| Otros autores: | |
| Formato: | Libro |
| Idioma: | Español |
| Publicado: |
Santander, España :
Sal Terrae,
1997, c1997
|
| Edición: | 3a edición |
| Colección: | (Presencia Teológica ;
86) |
| Temas: | |
| Etiquetas: |
Sin etiquetas, Sé el primero en etiquetar este registro!
|
MARC
| LEADER | 00000nam^a2200000^a^4500 | ||
|---|---|---|---|
| 001 | 000259496 | ||
| 005 | 20250521000000.0 | ||
| 009 | 20260310110407.744 | ||
| 020 | |a 84-293-1206-4 | ||
| 037 | |a Acervo Xavier Clavigero | ||
| 041 | |a ESP | ||
| 082 | |a 231. 765 |b TOR | ||
| 100 | |a Torres Queiruga, Andrés |e (autor) | ||
| 245 | 1 | 0 | |a Recuperar la creación : |b por una religión humanizadora / |c A. Torres Queiruga ; pról. de C. Casares ; tr. por Engracia Vidal Estévez. |
| 250 | |a 3a edición | ||
| 264 | 4 | |a Santander, España : |b Sal Terrae, |c 1997, c1997 | |
| 300 | |a 294 p. | ||
| 336 | |a texto |b txt |2 rdacontenido | ||
| 337 | |a sin mediación |b n |2 rdamedio | ||
| 338 | |a volumen |b nc |2 rdasoporte | ||
| 440 | 1 | |a (Presencia Teológica ; |v 86) | |
| 500 | |a Traducción de: Recupera-la creación. por unha relixión humanizadora | ||
| 520 | |a Contra la idea que muchas veces difunde la Iglesia Católica, de un Dios vengativo que castiga los pecados del hombre, esta obra habla de un Dios amoroso que perdona de forma incondicional. | ||
| 649 | |a XX | ||
| 650 | |a Creación | ||
| 650 | |a Dios | ||
| 650 | |a Teología | ||
| 650 | |a Religión - |x Filosofía | ||
| 650 | |a Cristianismo | ||
| 650 | |a Religión | ||
| 700 | |a Casares, Carlos |e (autor) | ||
| 910 | |a Fondo General | ||
| 920 | |a Impresos - Libros | ||
| 930 | |a Colección General | ||
| 905 | |a 101 | ||
| 901 | |a 0500112078 |b IT1 |c ACC |u 20250521 | ||
| 902 | |a https://opac.biblio.iteso.mx/vufind/Record/000259496 | ||